Statistics for Find the 7 countries who Has highest peaks - continents

Click here to take the quiz!

General Stats

  • This quiz has been taken 40 times
  • The average score is 5 of 7

Answer Stats

Answer% Correct
India
97%
Argentina
85%
USA
85%
Russia
82%
Tanzania
71%
Antarctica
38%
Indonesia (Papua)
0%

Score Distribution

Percentile by Number Answered

Percent of People with Each Score

Your Score History

You have not taken this quiz